ছন্দোমঞ্জরী / (Record no. 41949)
[ view plain ]
| 000 -LEADER | |
|---|---|
| fixed length control field | 01053nam a2200253 a 4500 |
| 001 - CONTROL NUMBER | |
| control field | 41949 |
| 003 - CONTROL NUMBER IDENTIFIER | |
| rucl marc code | BD-RjUL |
| 005 - DATE AND TIME OF LATEST TRANSACTION | |
| control field | 20211209053455.0 |
| 008 - FIXED-LENGTH DATA ELEMENTS--GENERAL INFORMATION | |
| fixed length control field | 160608s1996 ii ||||| |||| 00| 0 ben d |
| 020 ## - INTERNATIONAL STANDARD BOOK NUMBER | |
| Terms of availability | : IRs.45.00 |
| 035 ## - SYSTEM CONTROL NUMBER | |
| System control number | (BD-RjUL)42067 |
| 040 ## - CATALOGING SOURCE | |
| Original cataloging agency | BD-RjUL |
| Language of cataloging | ben |
| Transcribing agency | BD-RjUL |
| 041 ## - LANGUAGE CODE | |
| Language code of text/sound track or separate title | ben |
| 082 ## - DEWEY DECIMAL CLASSIFICATION NUMBER | |
| Edition number | 23 |
| Classification number | 491.2 |
| Author mark and year | GAC 1996 |
| 100 ## - MAIN ENTRY--PERSONAL NAME | |
| Personal name | গঙ্গাদাস |
| 9 (RLIN) | 128935 |
| 245 10 - TITLE STATEMENT | |
| Title | ছন্দোমঞ্জরী / |
| Statement of responsibility, etc. | গঙ্গাদাস, গুরুনাথবিদ্যানিধি ভট্টাচার্য্যেণ সম্পাদিত |
| 250 ## - EDITION STATEMENT | |
| Edition statement | ৮ম সং. |
| 260 ## - PUBLICATION, DISTRIBUTION, ETC. (IMPRINT) | |
| Place of publication, distribution, etc. | কলিকাতা : |
| Name of publisher, distributor, etc. | সংস্কৃত পুস্তক ভান্ডার, |
| Date of publication, distribution, etc. | ১৯৯৬ |
| 300 ## - PHYSICAL DESCRIPTION | |
| Pagination | [ক-ছ] v, ১৩১, ২১ পৃ. ; |
| Size | ২৩ সেমি. |
| 650 ## - SUBJECT ADDED ENTRY--TOPICAL TERM | |
| Topical term or geographic name as entry element | সংস্কৃত |
| 9 (RLIN) | 128936 |
| Topical term or geographic name as entry element | Sanskrit |
| 9 (RLIN) | 128937 |
| 700 ## - ADDED ENTRY--PERSONAL NAME | |
| Personal name | ভট্টাচার্য্যেণ, গুরুনাথবিদ্যানিধি সম্পাদিত |
| 942 ## - ADDED ENTRY ELEMENTS (KOHA) | |
| Source of classification or shelving scheme | Dewey Decimal Classification |
| Koha item type | Books |
| Lost status | Source of classification or shelving scheme | Damaged status | Not for loan | Collection code | Permanent Location | Current Location | Shelving location | Date acquired | Source of acquisition | Cost, normal purchase price | Total Checkouts | Full call number | Date last seen | Copy number | Koha item type |
|---|---|---|---|---|---|---|---|---|---|---|---|---|---|---|---|
| Dewey Decimal Classification | Non-fiction | Central Library, University of Rajshahi | Central Library, University of Rajshahi | 28/03/1998 | Ahasania, Dhaka. | 108.50 | B 491.2 GAC 1996 | 08/06/2016 | C-2 | Books | |||||
| Dewey Decimal Classification | Non-fiction | Central Library, University of Rajshahi | Central Library, University of Rajshahi | 28/03/1998 | Ahasania, Dhaka. | 108.50 | B 491.2 GAC 1996 | 14/08/2016 | C-3 | Books |